St. Louis Cardinals All Time Stat Leaders - Statistics

General Stats
  • This quiz has been taken 98 times
  • The average score is 11 of 15
Answer Stats
Stat Catergories Team Record Players % Correct
Most Wins 251 Wins Bob Gibson
100%
Most Shutouts 56 SHO Bob Gibson
92%
Most Strikeouts 3117 K's Bob Gibson
90%
Most Completed Games 255 CG Bob Gibson
90%
Most Hits 3630 Hits Stan Musial
89%
Most Losses 174 Losses Bob Gibson
86%
Most Home runs 475 HR Stan Musial
86%
Most RBI's 1951 RBI Stan Musial
86%
Most Walks 1599 BB Stan Musial
86%
Most Doubles 725 Doubles Stan Musial
83%
Most Stolen Bases 888 SB Lou Brock
82%
Most Triples 177 Triples Stan Musial
75%
Most Saves 217 Saves Jason Isringhausen
45%
Highest Batting Average .378 BA Jesse Burkett
8%
Lowest ERA 2.46 ERA Ed Karger
1%
No matching quizzes found
Score Distribution
Percent of People with Each Score
Percentile by Number Answered
Your Score History
You have not taken this quiz